01001nam a2200229 a 450000100060000000300080000600500170001400800410003102000260007203500190009804000320011704100080014908200370015711000360019424501440023026000250037430000340039949001220043365100390055565100550059483001220064963107BD-RjUL20211209081147.0170202s1985 bg s o00| 0 eng | c: Tk. 300.00 (Inland) a(BD-RjUL)63235 aDLCcDLCdDLCdBD-RjULbeng aeng 223a304.609549021bNOA 1985 (TS) aBangladesh Bureau of Statistics aBangladesh Population Census, 1981:bCommunity Tables of all thanas of Noakhali District : Feni, Lakshmipur and Noakhali Sadar Sub-Division aDhaka :bBBS, c1985 aCXX, 341 p. :bIll. ;c28 cm. aThana Series: Community Tables of all thanas of Noakhali District : Feni, Lakshmipur and Noakhali Sadar Sub-Division  aBangladeshzNoakhalivcensus, 1981 aBangladeshzNoakhalixPopulationvStatisticsy1981 aThana Series: Community Tables of all thanas of Noakhali District : Feni, Lakshmipur and Noakhali Sadar Sub-Division